000 01652nam0a2200361 4500
001 RU\NLR\bibl\972249
005 20260405110849.0
010 _a5-9533-1359-4
_95000
021 _aRU
_b2006-32126
_91606
035 _a(nilc)RSL-KNO-002892967
035 _a(NLR Aleph) 000960202
090 _a334625
_c334625
100 _a20060530d2006 |||y0rusy50 ca
101 0 _arus
102 _aRU
105 _aa |||||||||
106 _ar
200 1 _aВосточноевропейская овчарка
_fИ. В. Новикова
210 _aМосква
_cВече
_d2006
_eТула
_gТульская типография
215 _a316, [1] с.
_cил.
_d21
225 1 _aНаши питомцы
606 1 _aВосточноевропейские овчарки
_jПопулярные издания
_92398198
_3RU\NLR\auth\661429729
610 0 _aСельское и лесное хозяйство. Сельскохозяйственные и лесохозяйственные науки -- Специальное животноводство -- Собаководство -- Отдельные породы собак -- Овчарка
610 0 _aвосточно-европейская овчарка
686 _aП673.39овчарка,0
_2rubbk
686 _aП673.39восточноевропейская овчарка я9
700 1 _4070
_8rus
_7ca
_aНовикова
_bИ. В.
_cкинолог
_gИрина Владимировна
_3RU\NLR\auth\7741977
_924925
801 0 _aRU
_bРКП
_c20060530
_grcr
801 1 _aRU
_bРГБ
_c20060530
801 2 _aRU
_bNLR
_c20060803
_grcr
942 _cBOOK
980 _aNB